00634nam a2200205 a 4500008004100000020002200041100001900063245009100082260004700173300002000220440002500240504004000265650002500305650003400330650001300364700002400377003000100401005001700402040000900419  a0850925347 (pbk.)1 aLall, Sanjaya.10aMauritius :bdynamising export competitiveness /cSanjaya Lall ana Ganesham Wignaraja. aLondon :bCommonwealth Secretariat,c1998. a168 p. ;c26cm. aEconomic paper ;v33 aIncudes bibliographical references. aInternational trade. aExport marketing zMauritius. aExports. aGaneshan Wignaraja.20230123133355.0 cNUST